Teória pravdepodobnosti

Enregistré dans:
Détails bibliographiques
Auteur principal: Horáková, Galina
Collectivité auteur: Ekonomická univerzita v Bratislave. Fakulta hospodárskej informatiky
Autres auteurs: Kozubík, Aleš
Format: Livre
Langue:slovaque
Publié: Bratislava Vydavateľstvo EKONÓM 2000
Sujets:
Tags: Ajouter un tag
Pas de tags, Soyez le premier à ajouter un tag!

MARC

LEADER 00000nam a2200000 4500
001 c117211
005 20221123133601.4
020 |a 80-225-1235-4 
041 0 |a slo 
044 |a SK 
245 1 0 |a Teória pravdepodobnosti  |c Galina Horáková, Aleš Kozubík 
264 1 |a Bratislava  |b Vydavateľstvo EKONÓM  |c 2000 
300 |a 190 s. 
610 2 0 |a teória pravdepodobnosti 
610 2 0 |a javy náhodné 
610 2 0 |a pravdepodobnosť 
610 2 0 |a rozdelenie pravdepodobnosti 
610 2 0 |a grafy 
100 1 |a Horáková, Galina 
700 1 |a Kozubík, Aleš 
710 2 |a Ekonomická univerzita v Bratislave. Fakulta hospodárskej informatiky